000 00576nam a2200181Ia 4500
005 20260601193251.0
008 260601s9999||||xx |||||||||||||| ||und||
020 _a978-3-031-67535-5
_qebk
100 _aRobert M. Davison
245 0 _aHuman Choice and Computers
250 _a2024
260 _aHeidelberg, Germany
_bSpringer Nature
_c2024
440 _aIFIP Advances in Information and Communication Technology
650 _aComputer Science
700 _aDavid Kreps
856 _uhttps://link.springer.com/openurl?genre=book&isbn=978-3-031-67535-5
942 _cEB
_2ddc
999 _c56729
_d56729